Southville International School and Colleges
Your cart is empty.
  • Cart
  • Lists
    Public lists Eva Luna New books Lux_list list_1
    Your lists Log in to create your own lists
  • Log in to your account
  • Your cookies
  • Search history
Southville International School and Colleges
  • Advanced search
  • Recent comments
  • Most popular
  • Libraries

Log in to your account

Log in with GOOGLE


If you do not have an external account, but do have a local account, you can still log in:

  1. Home
  2. MARC view: Designing brand identity :
Normal view MARC view ISBD view

Designing brand identity : (Record no. 366632)

[ view plain ]
MARC details
000 -LEADER
fixed length control field 02092nam a22002537a 4500
003 - CONTROL NUMBER IDENTIFIER
control field 0
005 - DATE AND TIME OF LATEST TRANSACTION
control field 20241026113328.0
008 - FIXED-LENGTH DATA ELEMENTS--GENERAL INFORMATION
fixed length control field 241026b xxu||||| |||| 00| 0 eng d
020 ## - INTERNATIONAL STANDARD BOOK NUMBER
International Standard Book Number 9781119984818
050 ## - LIBRARY OF CONGRESS CALL NUMBER
Classification number HD 69
Item number .W44 2024
100 ## - MAIN ENTRY--PERSONAL NAME
Personal name Wheeler, Alina,
Relator term author.
245 ## - TITLE STATEMENT
Title Designing brand identity :
Remainder of title a comprehensive guide to the world of brands and branding /
Statement of responsibility, etc Alina Wheeler, Rob Meyerson.
250 ## - EDITION STATEMENT
Edition statement 6th ed.
260 ## - PUBLICATION, DISTRIBUTION, ETC. (IMPRINT)
Place of publication, distribution, etc Hoboken, New Jersey :
Name of publisher, distributor, etc John Wiley & Sons, Inc.,
Date of publication, distribution, etc 2024.
300 ## - PHYSICAL DESCRIPTION
Extent xiii, 332 p. :
Other physical details col. ill. ;
Dimensions 29 cm.
504 ## - BIBLIOGRAPHY, ETC. NOTE
Bibliography, etc Includes index.
520 ## - SUMMARY, ETC.
Summary, etc "From research to brand strategy to design execution, launch and governance, Designing Brand identity is a compendium of tools for branding success and best practices for inspiration. The best-selling book demystifies branding, explains branding fundamentals, and gives practitioners a roadmap to create sustainable and successful brands. This revised and updated 6th edition will preserve the basic structure of the book (fundamentals, process, and strategy). With each topic covered in a single spread, the book continues to celebrate great design and strategy--while adding new thinking, new case studies, and more future-facing, global perspectives. Designing Brand Identity, 6th Edition, has been revised and updated throughout to address the challenges faced by branding professionals today. It's harder than ever to be the brand of choice--in many markets, technology has lowered the barriers to entry, increasing competition. The need for fresh content is relentless. Everything is digital, and rebranding projects that previously took a year are now finished in three months. Decisions that used to be straightforward are now complicated by the pandemic, political polarization, rapid advances in technology, and other social and cultural changes"--Provided by publisher.
650 ## - SUBJECT ADDED ENTRY--TOPICAL TERM
Topical term or geographic name as entry element Brand name products.
650 ## - SUBJECT ADDED ENTRY--TOPICAL TERM
Topical term or geographic name as entry element Branding (Marketing).
650 ## - SUBJECT ADDED ENTRY--TOPICAL TERM
Topical term or geographic name as entry element Trademarks
Form subdivision Design.
650 ## - SUBJECT ADDED ENTRY--TOPICAL TERM
Topical term or geographic name as entry element Advertising
Form subdivision Brand name products.
700 ## - ADDED ENTRY--PERSONAL NAME
Personal name Meyerson, Rob,
Relator term author.
942 ## - ADDED ENTRY ELEMENTS (KOHA)
Source of classification or shelving scheme Library of Congress Classification
Koha item type Books
Holdings
Withdrawn status Lost status Source of classification or shelving scheme Damaged status Home library Current library Shelving location Date acquired Source of acquisition Sub Shelving location Total Checkouts Full call number Barcode Date last seen Price effective from Koha item type
    Library of Congress Classification   College Library College Library Reserve Section 10/26/2024 Library Fund     HD 69 .W44 2024 C23838 10/26/2024 10/26/2024 Books

Designing brand identity :

APA

Wheeler A., Meyerson R., . (2024). Designing brand identity. Hoboken, New Jersey: John Wiley & Sons, Inc.

Chicago

Wheeler Alina, Meyerson Rob, . 2024. Designing brand identity. Hoboken, New Jersey: John Wiley & Sons, Inc.

Harvard

Wheeler A., Meyerson R., . (2024). Designing brand identity. Hoboken, New Jersey: John Wiley & Sons, Inc.

MLA

Wheeler Alina, Meyerson Rob, . Designing brand identity. Hoboken, New Jersey: John Wiley & Sons, Inc. 2024.

  • Place hold
  • Print
  • Cite
  • Add to your cart (remove)
  • Save record
    BIBTEX Dublin Core MARCXML MARC (non-Unicode/MARC-8) MARC (Unicode/UTF-8) MARC (Unicode/UTF-8, Standard) MODS (XML) RIS
  • More searches
    Search for this title in:
    Other Libraries (WorldCat) Other Databases (Google Scholar) Online Stores (Bookfinder.com) Open Library (openlibrary.org)

Exporting to Dublin Core...

SOUTHVILLE LIBRARY

Southville International School and Colleges Library

1281 Tropical Ave. Cor. Luxembourg St., BF Homes International, Las Pinas City

Tel. No. 8256374 / 252358 Loc. 117/146

Powered by Koha